[Event "Sachsen-Sachsen-Anhalt I"]
[Site "?"]
[Date "2005.04.15"]
[Round "3.5"]
[White "Großmann, Susan"]
[Black "Neumeyer, Hannelore"]
[Result "1/2-1/2"]
[WhiteElo "2026"]
[BlackElo "2047"]
[PlyCount "97"]
[EventDate "1905.??.??"]

1. e4 e5 2. Nf3 f5 3. d3 d6 4. Nc3 Nf6 5. Be2 Be7 6. O-O O-O 7. exf5 Bxf5 8.
Re1 Nc6 9. Ne4 d5 10. Ng3 Bg6 11. c3 Qd7 12. d4 exd4 13. Nxd4 Nxd4 14. cxd4 Bd6
15. Qb3 c6 16. Bd3 Bxd3 17. Qxd3 Ng4 18. Be3 Qf7 19. Qd2 Rae8 20. Nf1 Qh5 21.
h3 Nf6 22. Qd1 Qg6 23. Nd2 Ne4 24. Nxe4 Rxe4 25. Qb3 Qf7 26. Qc2 Bb8 27. Rad1
Qc7 28. g3 Qd7 29. Kg2 Qe6 30. Bd2 Qf5 31. Bc3 Qf3+ 32. Kg1 Rfe8 33. Rxe4 Rxe4
34. Re1 Kf7 35. Rxe4 Qxe4 36. Qxe4 dxe4 37. Kf1 Ke6 38. Ke2 Kd5 39. Ke3 Bc7 40.
h4 b5 41. b3 a5 42. f3 exf3 43. Kxf3 b4 44. Bb2 Bb6 45. Ke3 g6 46. Kd3 c5 47.
dxc5 Bxc5 48. Bf6 Bb6 49. Bg5 1/2-1/2

[Event "Sachsen-Sachsen-Anhalt I"]
[Site "?"]
[Date "2005.04.15"]
[Round "3.6"]
[White "Niesch, Franziska"]
[Black "Jahn, Constanze"]
[Result "1/2-1/2"]
[WhiteElo "1818"]
[BlackElo "2199"]
[PlyCount "71"]
[EventDate "1905.??.??"]

1. d4 Nf6 2. c4 e6 3. Nc3 Bb4 4. a3 Bxc3+ 5. bxc3 Ne4 6. Qc2 f5 7. Nf3 O-O 8.
e3 b6 9. Bd3 Bb7 10. a4 d6 11. Bb2 c5 12. O-O-O Bc6 13. Rdg1 Qd7 14. Bxe4 Bxe4
15. Qd1 Bc6 16. d5 Bxa4 17. Qe2 Na6 18. g4 Nc7 19. gxf5 exf5 20. Ng5 h6 21. Nh3
Kh7 22. Nf4 Rf6 23. Nh5 Ne8 24. Nxf6+ Nxf6 25. Rg2 Re8 26. Rhg1 Re7 27. h3 Bb3
28. Rg6 Qe8 29. Qf3 Qxg6 30. Rxg6 Kxg6 31. Qg3+ Kf7 32. Qxd6 Bxc4 33. Qf4 Re4
34. Qc7+ Re7 35. Qf4 Re4 36. Qc7+ 1/2-1/2

[Event "Sachsen-Sachsen-Anhalt I"]
[Site "?"]
[Date "2005.04.15"]
[Round "3.7"]
[White "Eckhardt, Claudia"]
[Black "Köditz, Katja"]
[Result "1-0"]
[WhiteElo "2209"]
[BlackElo "1770"]
[PlyCount "83"]
[EventDate "1905.??.??"]

1. d4 Nf6 2. Nf3 g6 3. g3 Bg7 4. Bg2 d6 5. O-O Nbd7 6. c4 O-O 7. Nc3 c5 8. d5
Nb6 9. Qd3 Bd7 10. h3 Qc8 11. Kh2 Re8 12. e4 e6 13. Be3 exd5 14. cxd5 Na4 15.
Nd2 Nxc3 16. bxc3 Re5 17. g4 Bxg4 18. hxg4 Nxg4+ 19. Kg1 Rh5 20. f3 Ne5 21. Qe2
Qd8 22. Rfd1 Qh4 23. Rab1 b6 24. Nf1 Nd7 25. Bf2 Qf6 26. Rbc1 Ne5 27. Bg3 Bh6
28. Ne3 Bf4 29. Ng4 Nxg4 30. fxg4 Bxc1 31. Rxc1 Rh6 32. e5 Qxe5 33. Qxe5 dxe5
34. Bxe5 Rd8 35. g5 Rh4 36. Bf6 Rd7 37. Rd1 Rf4 38. d6 h6 39. Bc6 Rxf6 40. gxf6
Rd8 41. d7 g5 42. Re1 1-0

[Event "Sachsen-Sachsen-Anhalt I"]
[Site "?"]
[Date "2005.04.15"]
[Round "3.8"]
[White "Beltz, Carmen"]
[Black "Burisch, Christin"]
[Result "0-1"]
[WhiteElo "1915"]
[BlackElo "1862"]
[PlyCount "86"]
[EventDate "1905.??.??"]

1. e4 b6 2. d4 Bb7 3. Nc3 e6 4. Nf3 Bb4 5. Bd3 Nf6 6. Qe2 d5 7. exd5 Nxd5 8.
Bd2 Nxc3 9. bxc3 Be7 10. O-O Nd7 11. Rfe1 O-O 12. Rad1 c5 13. Ne5 Nf6 14. Bg5
Qd5 15. f4 Rab8 16. Bxf6 Bxf6 17. Be4 Qd6 18. Rd3 Bxe4 19. Qxe4 Rbc8 20. Rh3 g6
21. Kh1 Rfd8 22. Rd1 Qd5 23. Qxd5 Rxd5 24. Rd2 Be7 25. c4 Rxd4 26. Rxd4 cxd4
27. Rd3 Bf6 28. Rxd4 Bxe5 29. fxe5 Rc5 30. Re4 Ra5 31. Kg1 Rxa2 32. Re2 Kf8 33.
Kf2 Ke7 34. Ke3 Ra1 35. Kd4 a5 36. Kc3 Rb1 37. Rd2 a4 38. c5 bxc5 39. Kc4 a3
40. c3 Rb2 41. Rd1 a2 42. Ra1 Rxg2 43. h4 Re2 0-1

[Event "Hamburg-Baden"]
[Site "?"]
[Date "2005.04.15"]
[Round "3.1"]
[White "Nill, Jessica"]
[Black "Kas-Fromm, Rita"]
[Result "1-0"]
[WhiteElo "2247"]
[BlackElo "2244"]
[PlyCount "101"]
[EventDate "1905.??.??"]

1. d4 d5 2. c4 e6 3. Nc3 f5 4. Bf4 c6 5. e3 Nf6 6. Nf3 Be7 7. Bd3 O-O 8. O-O
Ne4 9. Qc2 Nd7 10. Ne5 Nxe5 11. Bxe5 Bd7 12. f3 Nxc3 13. bxc3 Be8 14. e4 Bg6
15. exd5 exd5 16. f4 dxc4 17. Bxc4+ Bf7 18. Bb3 Bd5 19. Qb2 b5 20. a4 Kh8 21.
Rfc1 a5 22. c4 bxc4 23. Bxc4 Bb4 24. Bxd5 Qxd5 25. Qc2 Rac8 26. Qc4 h5 27. Qe2
Bd6 28. Qxh5+ Kg8 29. Kh1 Bxe5 30. dxe5 Qe4 31. Qg5 Rfd8 32. Re1 Qc2 33. h3 Rd4
34. Rac1 Qxa4 35. Qxf5 Rf8 36. Qe6+ Kh8 37. f5 Rf4 38. f6 gxf6 39. Rxc6 Qb5 40.
Kh2 Qb4 41. Rec1 Rf2 42. Rc8 Qf4+ 43. Kg1 Rxg2+ 44. Kxg2 Qe4+ 45. Kf2 Qd4+ 46.
Ke2 Qe4+ 47. Kd2 Qd4+ 48. Kc2 Qa4+ 49. Kb2 Qb5+ 50. Qb3 Qxe5+ 51. Ka2 1-0

[Event "Hamburg-Baden"]
[Site "?"]
[Date "2005.04.15"]
[Round "3.2"]
[White "Frank, Tena"]
[Black "Onischuk, Anna"]
[Result "1/2-1/2"]
[WhiteElo "2043"]
[BlackElo "2237"]
[PlyCount "44"]
[EventDate "1905.??.??"]

1. e4 c5 2. Nc3 e6 3. d3 d5 4. g3 d4 5. Nce2 Nc6 6. Bg2 e5 7. f4 Bd6 8. Nf3
Nge7 9. fxe5 Nxe5 10. Nxe5 Bxe5 11. Nf4 Qd6 12. O-O Bd7 13. Bd2 O-O 14. Qh5 b5
15. Nh3 Bxh3 16. Bxh3 Ng6 17. Rf2 c4 18. Kg2 a5 19. Raf1 Ra7 20. Bf5 Rc7 21.
Bf4 Rc5 22. Qg4 cxd3 1/2-1/2

[Event "Hamburg-Baden"]
[Site "?"]
[Date "2005.04.15"]
[Round "3.3"]
[White "Mira, Helene"]
[Black "Smolkina, Milana"]
[Result "1/2-1/2"]
[WhiteElo "2188"]
[BlackElo "1709"]
[PlyCount "112"]
[EventDate "1905.??.??"]

1. Nf3 Nf6 2. c4 e6 3. Nc3 b6 4. g3 Bb7 5. Bg2 c5 6. O-O Nc6 7. d4 Nxd4 8. Nxd4
Bxg2 9. Nxe6 dxe6 10. Kxg2 Be7 11. Qa4+ Qd7 12. Qxd7+ Nxd7 13. Rd1 Ne5 14. b3
O-O 15. Bb2 Bf6 16. Ne4 Ng4 17. Nxf6+ Nxf6 18. Bxf6 gxf6 19. Rd7 Rfe8 20. Rad1
Kf8 21. Kf3 Re7 22. Rd8+ Rxd8 23. Rxd8+ Kg7 24. e4 h6 25. Kg4 Kg6 26. f4 f5+
27. Kf3 f6 28. e5 Kf7 29. Rd6 Rb7 30. g4 fxg4+ 31. Kxg4 fxe5 32. fxe5 Ke7 33.
Kh5 Rb8 34. Rd3 Rf8 35. Rg3 Rf5+ 36. Kxh6 Rxe5 37. h4 Rf5 38. Rg7+ Kf6 39. Rxa7
e5 40. Rb7 e4 41. Rxb6+ Kf7 42. Rb7+ Kf6 43. Rd7 e3 44. Rd1 e2 45. Re1 Re5 46.
a4 Kf5 47. a5 Kf4 48. Kg6 Kf3 49. h5 Kf2 50. Rxe2+ Rxe2 51. h6 Ke3 52. h7 Rg2+
53. Kf7 Rh2 54. Kg8 Rg2+ 55. Kf7 Rh2 56. Kg7 Rg2+ 1/2-1/2

[Event "Hamburg-Baden"]
[Site "?"]
[Date "2005.04.15"]
[Round "3.4"]
[White "Schmidt, Jade"]
[Black "Lauterbach, Ingrid"]
[Result "0-1"]
[WhiteElo "1724"]
[BlackElo "2182"]
[PlyCount "90"]
[EventDate "1905.??.??"]

1. d4 d6 2. c4 e5 3. dxe5 dxe5 4. Qxd8+ Kxd8 5. Nc3 Be6 6. e3 f6 7. Nf3 c6 8.
a3 a5 9. b3 Na6 10. Be2 Nh6 11. O-O Kc7 12. Bb2 Be7 13. Ne4 Nf7 14. Rfd1 Rad8
15. Kf1 Bf5 16. Nfd2 Nc5 17. Nxc5 Bxc5 18. Rac1 Rd7 19. Ke1 b6 20. g4 Bd3 21.
Rc3 Bxe2 22. Kxe2 Rhd8 23. Bc1 g6 24. Rg1 Bxa3 25. Ne4 Be7 26. c5 b5 27. b4 a4
28. f3 f5 29. gxf5 gxf5 30. Nf2 Ng5 31. e4 Ne6 32. exf5 Nd4+ 33. Ke3 Nxf5+ 34.
Ke2 Bf6 35. Ne4 Bh8 36. Rg5 Nd4+ 37. Ke3 Rf8 38. Kf2 Ne6 39. Rg1 Nf4 40. Rg3
Nd3+ 41. Ke2 Nxb4 42. Bh6 Ra8 43. Ra3 Nc2 44. Ra2 Nd4+ 45. Kd3 Nf5+ 0-1

[Event "Hamburg-Baden"]
[Site "?"]
[Date "2005.04.15"]
[Round "3.5"]
[White "Mader, Manuela"]
[Black "Rohlfs, Ricarda"]
[Result "1-0"]
[WhiteElo "2002"]
[BlackElo "1625"]
[PlyCount "57"]
[EventDate "1905.??.??"]

1. e4 c5 2. c3 Nf6 3. e5 Nd5 4. d4 cxd4 5. Qxd4 e6 6. Bc4 Nb6 7. Bb3 Nc6 8. Qe4
d6 9. exd6 Bxd6 10. Nf3 Nd7 11. Bg5 Qc7 12. Bc2 Nce5 13. Nd4 Nc5 14. Qe2 Bd7
15. Nd2 a6 16. O-O-O b5 17. f4 Nc6 18. Nf5 Bf8 19. Ne4 Nxe4 20. Qxe4 f6 21. Bh4
Kf7 22. Bg3 Re8 23. a3 b4 24. axb4 Nxb4 25. Rxd7+ Qxd7 26. cxb4 Rd8 27. Nd4 Re8
28. Re1 Bd6 29. Nxe6 1-0

[Event "Hamburg-Baden"]
[Site "?"]
[Date "2005.04.15"]
[Round "3.6"]
[White "Zehner, Birte"]
[Black "Klein, Sabine"]
[Result "0-1"]
[WhiteElo "1579"]
[BlackElo "1865"]
[PlyCount "76"]
[EventDate "1905.??.??"]

1. e4 e5 2. Nf3 Nc6 3. d4 exd4 4. Nxd4 Nge7 5. c3 d6 6. Be2 Bd7 7. O-O Ng6 8.
Be3 Be7 9. f4 O-O 10. Nd2 Re8 11. Qc2 Bf6 12. Rae1 Bh4 13. f5 Nge5 14. g3 Bf6
15. N2f3 Nxf3+ 16. Nxf3 Bxf5 17. exf5 Rxe3 18. Bc4 Rxe1 19. Rxe1 Qf8 20. Qe4
Rb8 21. g4 h6 22. Kg2 Ne5 23. Nxe5 Bxe5 24. h4 Qe7 25. Kh3 Qd7 26. Kg2 Qe7 27.
Kh3 c6 28. Bd3 f6 29. g5 fxg5 30. f6 gxf6 31. hxg5 hxg5 32. Rh1 Qe6+ 33. Kg2 f5
34. Qe2 Kg7 35. Qh5 Qg6 36. Qf3 Rh8 37. Rxh8 Kxh8 38. Bxf5 Qh6 0-1

[Event "Hamburg-Baden"]
[Site "?"]
[Date "2005.04.15"]
[Round "3.7"]
[White "Krum, Beate"]
[Black "Dobrusina, Anna"]
[Result "1/2-1/2"]
[WhiteElo "1787"]
[BlackElo "1348"]
[PlyCount "93"]
[EventDate "1905.??.??"]

1. d4 Nf6 2. Nf3 g6 3. c4 d6 4. Nc3 Bg7 5. e4 O-O 6. Be2 Nbd7 7. O-O e5 8. Rb1
Nh5 9. d5 f5 10. b4 f4 11. Nd2 Qg5 12. Bxh5 gxh5 13. f3 h4 14. Kh1 Nf6 15. c5
Nh5 16. Ne2 Ng3+ 17. Nxg3 hxg3 18. Re1 Rf6 19. Nf1 Rh6 20. Kg1 Qh4 21. Qd2
gxh2+ 22. Kh1 Bd7 23. Rb2 Rf8 24. Qf2 Rff6 25. Qxh4 Rxh4 26. g4 fxg3 27. Nxg3
Rxf3 28. Rxh2 Rxh2+ 29. Kxh2 Rf2+ 30. Kg1 Rxa2 31. Ne2 Bh3 32. Nc3 Rg2+ 33. Kh1
a6 34. b5 dxc5 35. bxa6 bxa6 36. Ba3 Bf8 37. Re3 Rg6 38. Rxh3 c6 39. Kh2 cxd5
40. exd5 Rg4 41. Rf3 h5 42. Rf6 Rd4 43. Kg3 h4+ 44. Kh3 Rd3+ 45. Kxh4 Rxc3 46.
Rxa6 Rd3 47. Bc1 1/2-1/2

[Event "Hamburg-Baden"]
[Site "?"]
[Date "2005.04.15"]
[Round "3.8"]
[White "Herbold, Nora Elise Marina"]
[Black "Dittrich, Jacqueline"]
[Result "0-1"]
[WhiteElo "1541"]
[BlackElo "1599"]
[PlyCount "42"]
[EventDate "1905.??.??"]

1. e4 Nf6 2. Nc3 d5 3. exd5 Nxd5 4. d4 Nxc3 5. bxc3 b6 6. Nf3 Bb7 7. Bc4 e6 8.
Bf4 Bd6 9. Bxd6 cxd6 10. O-O Nd7 11. Qd3 Qf6 12. Nd2 Qg5 13. Nf3 Qg4 14. h3 Qh5
15. Nd2 O-O 16. Bb3 Rac8 17. c4 Ba6 18. Qe3 d5 19. Qc3 dxc4 20. Bxc4 Bxc4 21.
Nxc4 b5 0-1

[Event "Rheinland-Pfalz-Niedersachsen"]
[Site "?"]
[Date "2005.04.15"]
[Round "3.1"]
[White "Romakin, Helene"]
[Black "Klein, Annette"]
[Result "1-0"]
[WhiteElo "2013"]
[BlackElo "2111"]
[PlyCount "73"]
[EventDate "1905.??.??"]

1. e4 c5 2. Nf3 Nc6 3. d4 cxd4 4. Nxd4 g6 5. c4 Nf6 6. Nc3 Nxd4 7. Qxd4 d6 8.
Be2 Bg7 9. Qd3 O-O 10. O-O Be6 11. Bd2 Rc8 12. b3 a6 13. Rac1 Bd7 14. a4 Bc6
15. Kh1 Nd7 16. b4 Bxc3 17. Rxc3 Bxa4 18. Bh6 Re8 19. f4 Qb6 20. Bg4 Qxb4 21.
Bxd7 Bxd7 22. f5 Qc5 23. Be3 Qc6 24. Bd4 e5 25. fxe6 Rxe6 26. Qf3 Be8 27. Qh3
Qxe4 28. Qxh7+ Kf8 29. Re3 Qxd4 30. Rxe6 Qg7 31. Qh4 g5 32. Qe4 Qc3 33. Qxb7
Qxc4 34. Qe7+ Kg7 35. Qxg5+ Kf8 36. Qh6+ Kg8 37. Rg6+ 1-0

[Event "Rheinland-Pfalz-Niedersachsen"]
[Site "?"]
[Date "2005.04.15"]
[Round "3.2"]
[White "Krasnopeyeva, Julia"]
[Black "Markgraf, Claudia"]
[Result "1-0"]
[WhiteElo "1897"]
[BlackElo "2153"]
[PlyCount "55"]
[EventDate "1905.??.??"]

1. e4 Nf6 2. e5 Nd5 3. c4 Nb6 4. d4 d6 5. exd6 exd6 6. h3 Be7 7. Nf3 Bf5 8. Nc3
O-O 9. Be2 Re8 10. O-O Bf6 11. Qb3 c5 12. Be3 Na6 13. dxc5 dxc5 14. Rfd1 Qc7
15. Nb5 Qc6 16. Nd6 Bg6 17. Nxe8 Rxe8 18. Rd2 h6 19. Rad1 Nc8 20. Qb5 Re6 21.
Qxc6 Rxc6 22. Nh2 b6 23. Ng4 Kh7 24. Bf3 Rc7 25. Nxf6+ gxf6 26. Rd7 Bf5 27.
Rxc7 Nxc7 28. Bg4 1-0

[Event "Rheinland-Pfalz-Niedersachsen"]
[Site "?"]
[Date "2005.04.15"]
[Round "3.3"]
[White "Hoolt, Sarah"]
[Black "Endress, Anna"]
[Result "1-0"]
[WhiteElo "2050"]
[BlackElo "1732"]
[PlyCount "95"]
[EventDate "1905.??.??"]

1. Nc3 d5 2. e4 dxe4 3. Nxe4 Bf5 4. Ng3 Bg6 5. Nf3 e6 6. Bc4 Nf6 7. O-O Nbd7 8.
Re1 Be7 9. d3 O-O 10. Nh4 c6 11. Bb3 Re8 12. f4 Nd5 13. Nxg6 hxg6 14. Bd2 Bf6
15. c3 Nc5 16. Bc2 Nb6 17. Re3 Qc7 18. Qg4 Rad8 19. Rd1 Nd5 20. Rf3 Qb6 21. d4
Nd7 22. b4 e5 23. Kh1 exd4 24. c4 Ne3 25. Bxe3 dxe3 26. Ne4 e2 27. Re1 Qxb4 28.
Rxe2 Qxc4 29. Rfe3 Qd5 30. Bb3 Qd4 31. Re1 c5 32. Qh3 Nf8 33. Nd6 Qxd6 34. Rxe8
Rxe8 35. Rxe8 Be7 36. Qe3 Bf6 37. Rc8 Be7 38. h3 Qd7 39. Ra8 b6 40. Qe4 Qc7 41.
Bc4 Bd8 42. Qe8 Qxf4 43. Rxd8 Qc1+ 44. Kh2 Qf4+ 45. Kg1 Qc1+ 46. Bf1 Kh7 47.
Qxf8 Qe3+ 48. Kh1 1-0

[Event "Rheinland-Pfalz-Niedersachsen"]
[Site "?"]
[Date "2005.04.15"]
[Round "3.4"]
[White "Zemke, Christine"]
[Black "Lösch, Yvonne"]
[Result "0-1"]
[WhiteElo "1786"]
[BlackElo "2069"]
[PlyCount "52"]
[EventDate "1905.??.??"]

1. d4 d5 2. e3 e6 3. Bd3 c5 4. c3 Nc6 5. f4 Nf6 6. Nd2 Be7 7. Ngf3 Rb8 8. O-O
O-O 9. Ne5 Qc7 10. Rf3 b5 11. Rh3 g6 12. g4 Ne8 13. g5 Ng7 14. Rh6 f5 15. Qe1
cxd4 16. exd4 Nxe5 17. dxe5 Bc5+ 18. Kf1 Rd8 19. Nb3 d4 20. Nxc5 Qxc5 21. Rh3
Qc6 22. Bd2 Bb7 23. Qf2 Qh1+ 24. Qg1 Bg2+ 25. Kf2 Qxg1+ 26. Rxg1 Bxh3 0-1

[Event "Rheinland-Pfalz-Niedersachsen"]
[Site "?"]
[Date "2005.04.15"]
[Round "3.5"]
[White "Zschischang, Marine"]
[Black "Katte, Isabel"]
[Result "1-0"]
[WhiteElo "2061"]
[BlackElo "1931"]
[PlyCount "93"]
[EventDate "1905.??.??"]

1. d4 e6 2. c4 b6 3. Nc3 Bb7 4. a3 Be7 5. e4 d6 6. Nf3 Nd7 7. Bd3 Ngf6 8. h3 a6
9. O-O O-O 10. Re1 e5 11. d5 Re8 12. Be3 Nf8 13. g3 Bc8 14. Kh2 Ng6 15. Ng1 h5
16. f4 h4 17. f5 hxg3+ 18. Kxg3 Nf8 19. Kh2 N6h7 20. Nf3 Ng5 21. Nxg5 Bxg5 22.
Qg4 Bxe3 23. Rxe3 g5 24. Rg1 Nh7 25. h4 f6 26. Rh3 Re7 27. hxg5 fxg5 28. Qh5
Rg7 29. Nd1 Bd7 30. Ne3 Nf6 31. Qh6 Kf7 32. Rxg5 Rxg5 33. Qxg5 Qg8 34. Qxg8+
Rxg8 35. Rh4 c6 36. Be2 c5 37. Ng4 Nxg4+ 38. Bxg4 b5 39. Rh7+ Ke8 40. Bh5+ Kd8
41. b3 bxc4 42. bxc4 a5 43. Bf7 Rg4 44. Be6 Bxe6 45. dxe6 Rxe4 46. f6 Rf4 47.
Rh8+ 1-0

[Event "Rheinland-Pfalz-Niedersachsen"]
[Site "?"]
[Date "2005.04.15"]
[Round "3.6"]
[White "Reiske, Anne"]
[Black "Michalek, Barbara"]
[Result "0-1"]
[WhiteElo "1731"]
[BlackElo "1894"]
[PlyCount "94"]
[EventDate "1905.??.??"]

1. e4 c5 2. Nf3 Nc6 3. d4 cxd4 4. Nxd4 e6 5. Be3 Nf6 6. Bd3 a6 7. h3 Qc7 8. Qd2
d5 9. exd5 Nxd5 10. Nxc6 bxc6 11. O-O Be7 12. Qe2 Nxe3 13. Qxe3 O-O 14. Nd2 Rb8
15. b3 Bf6 16. Rad1 c5 17. Ne4 Bd4 18. Qe2 Rb6 19. c3 Be5 20. Rc1 f5 21. Nd2
Bf4 22. Rc2 e5 23. Bc4+ Kh8 24. Rd1 Rd8 25. g3 Rg6 26. Kh2 Bh6 27. Nf3 Rxd1 28.
Qxd1 Rd6 29. Qe2 e4 30. Nh4 g5 31. Ng2 Qd7 32. Ne3 Bg7 33. Qh5 h6 34. Qf7 Qxf7
35. Bxf7 Kh7 36. Kg2 f4 37. gxf4 gxf4 38. Nf1 Bb7 39. Bh5 Rd5 40. Bg4 h5 41.
Be6 Rg5+ 42. Kh2 Be5 43. a3 e3 44. h4 Rg2+ 45. Kh3 Rg1 46. Bc4 Rh1+ 47. Nh2 f3
0-1

[Event "Rheinland-Pfalz-Niedersachsen"]
[Site "?"]
[Date "2005.04.15"]
[Round "3.7"]
[White "Laake, Jasmin"]
[Black "Scholz, Gertrud"]
[Result "1-0"]
[WhiteElo "1941"]
[BlackElo "1627"]
[PlyCount "67"]
[EventDate "1905.??.??"]

1. e4 c5 2. Nf3 Nc6 3. d4 cxd4 4. Nxd4 g6 5. c4 Bg7 6. Be3 d6 7. Nc3 Nf6 8. f3
O-O 9. Be2 Bd7 10. O-O b6 11. Qd2 Nxd4 12. Bxd4 h6 13. Rfe1 Kh7 14. Bf1 Ne8 15.
Bxg7 Nxg7 16. Rad1 Bc6 17. Nd5 Rc8 18. Kh1 f5 19. exf5 Nxf5 20. Bd3 e5 21. f4
Bxd5 22. cxd5 exf4 23. Qxf4 Rc7 24. Qg4 Rg7 25. Re6 h5 26. Qh3 Rf6 27. Rde1
Rxe6 28. dxe6 Ne7 29. Qxh5+ Kg8 30. Qb5 Nc8 31. Bc4 Kh8 32. Rf1 Qh4 33. Rf8+
Kh7 34. Qe8 1-0

[Event "Rheinland-Pfalz-Niedersachsen"]
[Site "?"]
[Date "2005.04.15"]
[Round "3.8"]
[White "Raab, Helen"]
[Black "Taranjuk, Olesja"]
[Result "0-1"]
[WhiteElo "1161"]
[BlackElo "1761"]
[PlyCount "82"]
[EventDate "1905.??.??"]

1. e4 e5 2. Nf3 Nc6 3. Bb5 a6 4. Ba4 Nf6 5. O-O b5 6. Bb3 Bc5 7. Re1 O-O 8. c3
d6 9. d4 Bb6 10. h3 h6 11. Qd3 Re8 12. Be3 Bb7 13. d5 Bxe3 14. Rxe3 Na5 15. c4
c6 16. Nc3 Nxc4 17. Bxc4 bxc4 18. Qxc4 cxd5 19. exd5 Nh5 20. g3 Rc8 21. Qb3 Qd7
22. Kh2 f5 23. Rae1 f4 24. R3e2 fxg3+ 25. fxg3 Rf8 26. Nd2 Rc7 27. Nce4 Bc8 28.
g4 Nf4 29. Re3 Rb7 30. Qa3 Nxd5 31. Rd3 Qf7 32. Rf1 Nf6 33. Nxd6 Qc7 34. N2e4
Nxg4+ 35. hxg4 Rxf1 36. Nxb7 Bxb7 37. Qb3+ Kh8 38. Ng3 Rf2+ 39. Kh3 Bg2+ 40.
Kh4 Qe7+ 41. Kh5 Qg5# 0-1

[Event "Bayern-Hessen"]
[Site "?"]
[Date "2005.04.15"]
[Round "3.2"]
[White "Mikliaeva, Darja"]
[Black "Zahn, Nicol"]
[Result "1-0"]
[WhiteElo "2084"]
[BlackElo "1998"]
[PlyCount "73"]
[EventDate "1905.??.??"]

1. e4 c5 2. Nf3 e6 3. d4 cxd4 4. Nxd4 a6 5. Be2 Qc7 6. O-O Nf6 7. Nc3 Nc6 8.
Be3 b5 9. a3 Bb7 10. f4 d6 11. Bf3 Nxd4 12. Qxd4 e5 13. Qd2 Be7 14. g4 Rc8 15.
g5 Nd7 16. Bg4 Rd8 17. Rad1 O-O 18. f5 f6 19. g6 Rfe8 20. Rf3 Rc8 21. gxh7+ Kh8
22. Bh5 Qc4 23. Bxe8 Rxe8 24. b3 Qc8 25. Rg3 Nc5 26. Qg2 Bf8 27. Nd5 Bxd5 28.
Rxd5 Nb7 29. h4 Qc7 30. h5 Qf7 31. h6 gxh6 32. Rg6 Rc8 33. Rd2 Nc5 34. Qg4 a5
35. Rh2 Nxb3 36. cxb3 Qxb3 37. Rg8+ 1-0

[Event "Bayern-Hessen"]
[Site "?"]
[Date "2005.04.15"]
[Round "3.3"]
[White "Pralle, Katharina"]
[Black "Woniak, Katarzyna"]
[Result "1/2-1/2"]
[WhiteElo "1823"]
[BlackElo "1997"]
[PlyCount "80"]
[EventDate "1905.??.??"]

1. c4 e6 2. d4 d5 3. Nc3 f5 4. Bf4 c6 5. e3 Nf6 6. Nf3 Be7 7. Be2 O-O 8. Bg5
Nbd7 9. Qc2 Ne4 10. Bxe7 Qxe7 11. a3 Kh8 12. Nd2 b6 13. g3 Bb7 14. f3 Nxd2 15.
Qxd2 dxc4 16. Bxc4 Rad8 17. O-O Ne5 18. Be2 c5 19. Rad1 Nf7 20. Qc2 cxd4 21.
exd4 Ng5 22. h4 Nf7 23. f4 Nh6 24. Qa4 Ba8 25. Bf3 Bxf3 26. Rxf3 Ng4 27. Qa6 h6
28. Kg2 Qc7 29. Qe2 Qc6 30. Kg1 Rfe8 31. Rfd3 Rd6 32. Qf3 Qxf3 33. Rxf3 Red8
34. Ne2 Kh7 35. Rc3 R8d7 36. Rdc1 Kg6 37. Kg2 Kf6 38. Kf3 Nh2+ 39. Kg2 Ng4 40.
Kf3 Nh2+ 1/2-1/2

[Event "Bayern-Hessen"]
[Site "?"]
[Date "2005.04.15"]
[Round "3.4"]
[White "Nentwig, Nicole"]
[Black "Fischer, Helena"]
[Result "1-0"]
[WhiteElo "1840"]
[BlackElo "1795"]
[PlyCount "61"]
[EventDate "1905.??.??"]

1. e4 d5 2. exd5 Qxd5 3. d4 c6 4. Be3 Nf6 5. Nd2 Bf5 6. Ngf3 Nbd7 7. Bc4 Qa5 8.
O-O e6 9. Bf4 b5 10. Nb3 Qb6 11. Bd3 Bg6 12. Re1 Be7 13. Rc1 a5 14. Bxg6 hxg6
15. Ne5 a4 16. Na1 Rd8 17. c3 Nxe5 18. Bxe5 Bd6 19. Qf3 c5 20. Nc2 Qc7 21. h3
cxd4 22. cxd4 Nh5 23. Na3 Qd7 24. Bxd6 Qxd6 25. Nxb5 Qb6 26. Nc7+ Ke7 27. Rc6
Qxd4 28. Rexe6+ fxe6 29. Rxe6+ Kd7 30. Qc6+ Kc8 31. Na6# 1-0

[Event "Bayern-Hessen"]
[Site "?"]
[Date "2005.04.15"]
[Round "3.5"]
[White "Korentsvit, Eugenia"]
[Black "Zabarska, Natalia"]
[Result "0-1"]
[WhiteElo "1818"]
[BlackElo "1709"]
[PlyCount "106"]
[EventDate "1905.??.??"]

1. d4 Nf6 2. c4 g6 3. g3 Bg7 4. Bg2 O-O 5. Nc3 d6 6. e3 Nc6 7. Nge2 e5 8. O-O
Nh5 9. b3 f5 10. dxe5 Nxe5 11. Ba3 g5 12. f4 Ng4 13. Qd3 Re8 14. e4 Qf6 15. h3
Nh6 16. Rac1 gxf4 17. Nxf4 Nxf4 18. Rxf4 Qd4+ 19. Qxd4 Bxd4+ 20. Kh2 Be3 21.
Rh4 Bxc1 22. Bxc1 Nf7 23. Nd5 Rf8 24. Ne7+ Kg7 25. Nxf5+ Bxf5 26. exf5 Rae8 27.
Bb2+ Ne5 28. Rg4+ Kf7 29. Bd5+ Ke7 30. Rg7+ Kd8 31. g4 Nd3 32. Bd4 c5 33. Bc3
Re2+ 34. Kg3 Rc2 35. Ba1 Rxa2 36. Be4 Nf2 37. Bxb7 Nd1 38. f6 Rxa1 39. g5 Rb1
40. Rxh7 Rxb3+ 41. Kf4 Rb2 42. Kf5 Ne3+ 43. Kg6 Nxc4 44. Kg7 Rxb7+ 45. Kxf8
Rxh7 46. g6 Rh6 47. Kg7 Rxg6+ 48. Kxg6 Ne5+ 49. Kg7 c4 50. h4 c3 51. h5 c2 52.
h6 c1=Q 53. h7 Qg5+ 0-1

[Event "Bayern-Hessen"]
[Site "?"]
[Date "2005.04.15"]
[Round "3.6"]
[White "Burzler, Annette"]
[Black "Kimpel, Janine"]
[Result "1-0"]
[WhiteElo "1661"]
[BlackElo "1731"]
[PlyCount "59"]
[EventDate "1905.??.??"]

1. Nf3 d5 2. g3 Nf6 3. Bg2 Nc6 4. d3 e5 5. O-O Bc5 6. Nbd2 O-O 7. c4 Re8 8.
cxd5 Nxd5 9. Ne4 Bb6 10. Bd2 Rb8 11. Qc1 Bg4 12. h3 Bxf3 13. exf3 Nd4 14. Qd1
Ne6 15. Nc3 Nxc3 16. Bxc3 Qd6 17. Qc2 c6 18. Rfe1 Nd4 19. Qd2 Qg6 20. Rad1 Qh5
21. g4 Qh4 22. f4 f5 23. fxe5 fxg4 24. Re4 Nf5 25. Rxg4 Qh5 26. Rg5 Qf7 27. Be4
Nh4 28. e6 Qxe6 29. Rxg7+ Kf8 30. Qf4+ 1-0

[Event "Bayern-Hessen"]
[Site "?"]
[Date "2005.04.15"]
[Round "3.7"]
[White "Moritz, Cornelia"]
[Black "Tovmasian, Nelli"]
[Result "1-0"]
[WhiteElo "1706"]
[BlackElo "1767"]
[PlyCount "119"]
[EventDate "1905.??.??"]

1. e4 g6 2. f4 d6 3. d4 Bg7 4. c3 Nf6 5. Bd3 c5 6. dxc5 dxc5 7. e5 Nfd7 8. Nf3
O-O 9. Be3 Nc6 10. Ng5 Ndxe5 11. fxe5 Nxe5 12. Be2 Qxd1+ 13. Bxd1 Bh6 14. Bd2
Nd3+ 15. Ke2 Nxb2 16. Nf3 Bxd2 17. Nbxd2 Nxd1 18. Rhxd1 b6 19. a4 Rd8 20. a5
Be6 21. h3 f6 22. Rdb1 Bf5 23. Rb2 Bd3+ 24. Ke3 Rab8 25. Ne1 c4 26. axb6 axb6
27. Ra4 b5 28. Ra5 Rb6 29. Nef3 Bf5 30. Nd4 e5 31. Nxf5 Rd3+ 32. Ke2 gxf5 33.
Nxc4 bxc4 34. Rxb6 Kg7 35. Ra7+ Kg6 36. Raa6 Rxc3 37. Rxf6+ Kg5 38. h4+ Kg4 39.
Ra8 Rc2+ 40. Kd1 Rf2 41. Ke1 Rc2 42. Rg8+ Kf4 43. Rg5 Ke3 44. Rg3+ Kf4 45. Rf3+
Ke4 46. R3xf5 Rxg2 47. Rg5 Ra2 48. Rg4+ Ke3 49. Rg3+ Kd4 50. Rd6+ Ke4 51. Rc3
Ra4 52. h5 Rb4 53. h6 Kf4 54. Kd2 Ke4 55. Rd7 Kf5 56. Rxh7 Kg6 57. Rg7+ Kxh6
58. Rg8 Rb2+ 59. Kc1 Rh2 60. Rh8+ 1-0

[Event "Bayern-Hessen"]
[Site "?"]
[Date "2005.04.15"]
[Round "3.8"]
[White "Walther, Margareta"]
[Black "Jacob, Christiane"]
[Result "1-0"]
[WhiteElo "1363"]
[BlackElo "1680"]
[PlyCount "129"]
[EventDate "1905.??.??"]

1. e4 Nc6 2. f4 e5 3. Nf3 Bc5 4. d3 d6 5. f5 Nf6 6. Nc3 Ne7 7. h3 c6 8. Bg5 Qb6
9. Na4 Qa5+ 10. c3 Bd7 11. b4 Bxb4 12. cxb4 Qxb4+ 13. Bd2 Qa3 14. Qb3 Qxb3 15.
axb3 O-O 16. Bg5 h6 17. Bxf6 gxf6 18. Be2 d5 19. O-O d4 20. Nd2 b6 21. Nb2 Kh7
22. Nbc4 Nc8 23. b4 Rg8 24. Ra3 b5 25. Nb2 Nb6 26. Rfa1 Nc8 27. Nb3 Rb8 28. Nc5
Be8 29. Na6 Rb7 30. Nc5 Rc7 31. Kh2 Rg5 32. Rf1 h5 33. h4 Rg7 34. Bxh5 Kh6 35.
Be2 Rh7 36. Rf3 Rg7 37. Nd1 Nb6 38. Nf2 Bd7 39. Kh3 Bc8 40. Ng4+ Kh7 41. Nxf6+
Kh6 42. Ne8 f6 43. Nxc7 Rxc7 44. Rg3 Rf7 45. Rg6+ Kh7 46. h5 a6 47. g4 Bd7 48.
Rxa6 Nc8 49. Nxd7 Rxd7 50. Rxc6 Ne7 51. Rgxf6 Nxc6 52. Rxc6 Ra7 53. g5 Ra2 54.
Rc7+ Kg8 55. Bd1 Rd2 56. Bc2 Rf2 57. Kg3 Rf1 58. Kg2 Rf4 59. g6 Rg4+ 60. Kh3
Rf4 61. h6 Rf3+ 62. Kg4 Rf1 63. Kg5 Rh1 64. h7+ Kh8 65. Rc8+ 1-0